| 000 | 00631nam a2200229Ia 4500 | ||
|---|---|---|---|
| 003 | OSt | ||
| 005 | 20220928103151.0 | ||
| 006 | a|||||r|||| 00| 0 | ||
| 007 | ta | ||
| 008 | 220927b |||||||| |||| 00| 0 eng d | ||
| 024 | _a59623 | ||
| 037 | _cTextual | ||
| 040 |
_aSDCL _cSDCL _beng |
||
| 041 |
_2eng _aeng |
||
| 082 | _aR65, N4 | ||
| 100 |
_aGaud Lalit Kumar _9402690 |
||
| 245 | 0 | _aPrakashanand krit vedant Sdhantmuktavali ka samichhatmak adhayayan. | |
| 260 |
_aDelhi _bNirmal Publications _c1994 |
||
| 300 |
_a202p _ccm. |
||
| 942 |
_hR65, N4 _cTEXL _2CC |
||
| 999 |
_c718514 _d718514 |
||